000 00480nam a2200169 4500
001 125979
003 ES-MaACL
005 20250801063036.0
007 t|
008 070214s1914 fr r ||||1| fre d
100 1 _aRégnier, Henri de,
_d1864-1936
_995907
245 1 0 _aRomaine Mirmault
_b: roman /
_cHenri de Régnier.
260 _aParis :
_bMercure de France,
_c1914.
300 _a382 p. ;
_c19 x 12 cm.
852 _aES-MaACL
_jF-9059
999 _c125979
_d125979